<?xml version="1.0" encoding="UTF-8"?>
<record
    xmlns:xsi="http://www.w3.org/2001/XMLSchema-instance"
    xsi:schemaLocation="http://www.loc.gov/MARC21/slim http://www.loc.gov/standards/marcxml/schema/MARC21slim.xsd"
    xmlns="http://www.loc.gov/MARC21/slim">

  <leader>03497nam a2200385   4500</leader>
  <controlfield tag="003">NALT</controlfield>
  <controlfield tag="005">20260108144842.0</controlfield>
  <controlfield tag="008">251225b        th ||||| |||| 00| 0 tha d</controlfield>
  <datafield tag="020" ind1=" " ind2=" ">
    <subfield code="a">9791090756151</subfield>
  </datafield>
  <datafield tag="040" ind1=" " ind2=" ">
    <subfield code="a">NALT</subfield>
  </datafield>
  <datafield tag="041" ind1="1" ind2=" ">
    <subfield code="a">tha</subfield>
    <subfield code="h">fre</subfield>
  </datafield>
  <datafield tag="041" ind1="0" ind2=" ">
    <subfield code="a">Thafre</subfield>
  </datafield>
  <datafield tag="050" ind1=" " ind2=" ">
    <subfield code="a">DS 575.5.F8</subfield>
    <subfield code="b">&#xE04;989&#xE17; 2558</subfield>
  </datafield>
  <datafield tag="100" ind1="1" ind2=" ">
    <subfield code="a">&#xE44;&#xE04;&#xE25;&#xE19;&#xE4C;, &#xE0C;&#xE2D;&#xE07;-&#xE1F;&#xE23;&#xE2D;&#xE07;&#xE0B;&#xE31;&#xE27;&#xE2A;&#xE4C;</subfield>
    <subfield code="9">67205</subfield>
  </datafield>
  <datafield tag="245" ind1="1" ind2="0">
    <subfield code="a">&#xE17;&#xE33;&#xE40;&#xE19;&#xE35;&#xE22;&#xE1A;&#xE40;&#xE2D;&#xE01;&#xE2D;&#xE31;&#xE04;&#xE23;&#xE23;&#xE32;&#xE0A;&#xE17;&#xE39;&#xE15;&#xE1D;&#xE23;&#xE31;&#xE48;&#xE07;&#xE40;&#xE28;&#xE2A; &#xE13; &#xE01;&#xE23;&#xE38;&#xE07;&#xE40;&#xE17;&#xE1E;&#xE21;&#xE2B;&#xE32;&#xE19;&#xE04;&#xE23; =</subfield>
    <subfield code="b">La residence de France a Bangkok /</subfield>
    <subfield code="c">Jean-Francois Klein, Alexis Thuaux, Sophie Trelcat.; &#xE42;&#xE01;&#xE28;&#xE25; &#xE16;&#xE19;&#xE31;&#xE14;&#xE2A;&#xE33;&#xE23;&#xE32;&#xE0D;, &#xE01;&#xE31;&#xE19;&#xE15;&#xE1E;&#xE07;&#xE28;&#xE4C; &#xE08;&#xE34;&#xE15;&#xE15;&#xE4C;&#xE01;&#xE25;&#xE49;&#xE32;, &#xE23;&#xE31;&#xE0A;&#xE0E;&#xE32;&#xE1E;&#xE23; &#xE24;&#xE17;&#xE18;&#xE34;&#xE08;&#xE31;&#xE19;&#xE17;&#xE23;&#xE4C; &#xE41;&#xE25;&#xE30;&#xE27;&#xE31;&#xE12;&#xE13;&#xE35; &#xE01;&#xE2D;&#xE23;&#xE4C;&#xE40;&#xE15;&#xE49; &#xE14;&#xE39;&#xE21;&#xE07;, &#xE1C;&#xE39;&#xE49;&#xE41;&#xE1B;&#xE25;</subfield>
  </datafield>
  <datafield tag="246" ind1="3" ind2="1">
    <subfield code="a">La residence de France a Bangkok.</subfield>
  </datafield>
  <datafield tag="260" ind1=" " ind2=" ">
    <subfield code="a">Paris : </subfield>
    <subfield code="b">Editions internationales du Patrimoine,</subfield>
    <subfield code="c">2015.</subfield>
  </datafield>
  <datafield tag="300" ind1=" " ind2=" ">
    <subfield code="a">231 &#xE2B;&#xE19;&#xE49;&#xE32; :</subfield>
    <subfield code="b">&#xE20;&#xE32;&#xE1E;&#xE1B;&#xE23;&#xE30;&#xE01;&#xE2D;&#xE1A; ;</subfield>
    <subfield code="c">32 &#xE0B;&#xE21;.</subfield>
  </datafield>
  <datafield tag="505" ind1="2" ind2=" ">
    <subfield code="a">&#xE47;Histoire de la residence de France a Bangkok &#xE1B;&#xE23;&#xE30;&#xE27;&#xE31;&#xE15;&#xE34;&#xE17;&#xE33;&#xE40;&#xE19;&#xE35;&#xE22;&#xE1A;&#xE40;&#xE2D;&#xE01;&#xE2D;&#xE31;&#xE04;&#xE23;&#xE23;&#xE32;&#xE0A;&#xE17;&#xE39;&#xE15;&#xE1D;&#xE23;&#xE31;&#xE48;&#xE07;&#xE40;&#xE28;&#xE2A; &#xE13; &#xE01;&#xE23;&#xE38;&#xE07;&#xE40;&#xE17;&#xE1E;&#xE21;&#xE2B;&#xE32;&#xE19;&#xE04;&#xE23; --
&#xE2A;&#xE22;&#xE32;&#xE21;&#xE41;&#xE25;&#xE30;&#xE40;&#xE23;&#xE37;&#xE48;&#xE2D;&#xE07;&#xE23;&#xE32;&#xE27;&#xE41;&#xE2B;&#xE48;&#xE07;&#xE2A;&#xE32;&#xE22;&#xE19;&#xE49;&#xE33; --
&#xE04;&#xE27;&#xE32;&#xE21;&#xE43;&#xE1D;&#xE48;&#xE1D;&#xE31;&#xE19;&#xE02;&#xE2D;&#xE07;&#xE1E;&#xE23;&#xE30;&#xE40;&#xE08;&#xE49;&#xE32;&#xE2B;&#xE25;&#xE38;&#xE22;&#xE2A;&#xE4C;&#xE17;&#xE35;&#xE48; 14 &#xE41;&#xE25;&#xE30;&#xE2A;&#xE21;&#xE40;&#xE14;&#xE47;&#xE08;&#xE1E;&#xE23;&#xE30;&#xE19;&#xE32;&#xE23;&#xE32;&#xE22;&#xE13;&#xE4C;&#xE21;&#xE2B;&#xE32;&#xE23;&#xE32;&#xE0A;&#xE15;&#xE48;&#xE2D;&#xE01;&#xE32;&#xE23;&#xE40;&#xE0A;&#xE37;&#xE48;&#xE2D;&#xE21;&#xE04;&#xE27;&#xE32;&#xE21;&#xE2A;&#xE31;&#xE21;&#xE1E;&#xE31;&#xE19;&#xE18;&#xE4C;&#xE1D;&#xE23;&#xE31;&#xE48;&#xE07;&#xE40;&#xE28;&#xE2A; - &#xE44;&#xE17;&#xE22; --
&#xE2A;&#xE22;&#xE32;&#xE21;&#xE01;&#xE31;&#xE1A;&#xE0A;&#xE32;&#xE15;&#xE34;&#xE15;&#xE30;&#xE27;&#xE31;&#xE19;&#xE15;&#xE01; --
&#xE01;&#xE27;&#xE48;&#xE32; 150 &#xE1B;&#xE35;&#xE41;&#xE2B;&#xE48;&#xE07;&#xE0A;&#xE48;&#xE27;&#xE07;&#xE40;&#xE27;&#xE25;&#xE32;&#xE2D;&#xE31;&#xE19;&#xE19;&#xE48;&#xE32;&#xE2D;&#xE31;&#xE28;&#xE08;&#xE23;&#xE23;&#xE22;&#xE4C; --
&#xE22;&#xE38;&#xE04;&#xE17;&#xE2D;&#xE07;&#xE02;&#xE2D;&#xE07;&#xE17;&#xE33;&#xE40;&#xE19;&#xE35;&#xE22;&#xE1A;&#xE2D;&#xE31;&#xE04;&#xE23;&#xE23;&#xE32;&#xE0A;&#xE17;&#xE39;&#xE15;&#xE1D;&#xE23;&#xE31;&#xE48;&#xE07;&#xE40;&#xE28;&#xE2A; --
&#xE17;&#xE35;&#xE48;&#xE14;&#xE34;&#xE19;&#xE22;&#xE48;&#xE32;&#xE19;&#xE1A;&#xE32;&#xE07;&#xE23;&#xE31;&#xE01; --
&#xE40;&#xE23;&#xE34;&#xE48;&#xE21;&#xE28;&#xE15;&#xE27;&#xE23;&#xE23;&#xE29;&#xE43;&#xE2B;&#xE21;&#xE48;&#xE41;&#xE25;&#xE30;&#xE2A;&#xE16;&#xE32;&#xE19;&#xE2D;&#xE31;&#xE04;&#xE23;&#xE23;&#xE32;&#xE0A;&#xE17;&#xE39;&#xE15;&#xE08;&#xE30;&#xE40;&#xE23;&#xE34;&#xE48;&#xE21;&#xE15;&#xE49;&#xE19;&#xE43;&#xE2B;&#xE21;&#xE48;&#xE14;&#xE49;&#xE27;&#xE22;&#xE2B;&#xE23;&#xE37;&#xE2D; --
Une visite en 2015 &#xE01;&#xE32;&#xE23;&#xE40;&#xE02;&#xE49;&#xE32;&#xE40;&#xE22;&#xE35;&#xE48;&#xE22;&#xE21;&#xE43;&#xE19;&#xE1B;&#xE35; &#xE1E;.&#xE28;. 2558 --
"&#xE01;&#xE32;&#xE23;&#xE40;&#xE14;&#xE34;&#xE19;&#xE17;&#xE32;&#xE07;&#xE02;&#xE49;&#xE32;&#xE21;&#xE01;&#xE32;&#xE25;&#xE40;&#xE27;&#xE25;&#xE32;" --
&#xE2A;&#xE16;&#xE32;&#xE19;&#xE40;&#xE2D;&#xE01;&#xE2D;&#xE31;&#xE04;&#xE23;&#xE23;&#xE32;&#xE0A;&#xE17;&#xE39;&#xE15;&#xE1D;&#xE23;&#xE31;&#xE48;&#xE07;&#xE40;&#xE28;&#xE2A; &#xE13; &#xE01;&#xE23;&#xE38;&#xE07;&#xE40;&#xE17;&#xE1E;&#xE21;&#xE2B;&#xE32;&#xE19;&#xE04;&#xE23; &#xE1E;&#xE23;&#xE49;&#xE2D;&#xE21;&#xE17;&#xE30;&#xE22;&#xE32;&#xE19;&#xE2A;&#xE39;&#xE48;&#xE2D;&#xE19;&#xE32;&#xE04;&#xE15;.</subfield>
  </datafield>
  <datafield tag="610" ind1="2" ind2="4">
    <subfield code="a">&#xE2A;&#xE16;&#xE32;&#xE19;&#xE40;&#xE2D;&#xE01;&#xE2D;&#xE31;&#xE04;&#xE23;&#xE23;&#xE32;&#xE0A;&#xE17;&#xE39;&#xE15;&#xE1D;&#xE23;&#xE31;&#xE48;&#xE07;&#xE40;&#xE28;&#xE2A;</subfield>
    <subfield code="z">&#xE01;&#xE23;&#xE38;&#xE07;&#xE40;&#xE17;&#xE1E;&#xE21;&#xE2B;&#xE32;&#xE19;&#xE04;&#xE23;</subfield>
    <subfield code="x">&#xE1B;&#xE23;&#xE30;&#xE27;&#xE31;&#xE15;&#xE34;</subfield>
    <subfield code="9">67206</subfield>
  </datafield>
  <datafield tag="651" ind1=" " ind2="4">
    <subfield code="a">&#xE44;&#xE17;&#xE22;</subfield>
    <subfield code="x">&#xE04;&#xE27;&#xE32;&#xE21;&#xE2A;&#xE31;&#xE21;&#xE1E;&#xE31;&#xE19;&#xE18;&#xE4C;&#xE01;&#xE31;&#xE1A;&#xE15;&#xE48;&#xE32;&#xE07;&#xE1B;&#xE23;&#xE30;&#xE40;&#xE17;&#xE28; </subfield>
    <subfield code="z">&#xE1D;&#xE23;&#xE31;&#xE48;&#xE07;&#xE40;&#xE28;&#xE2A;</subfield>
    <subfield code="9">16847</subfield>
  </datafield>
  <datafield tag="651" ind1=" " ind2="4">
    <subfield code="a">&#xE1D;&#xE23;&#xE31;&#xE48;&#xE07;&#xE40;&#xE28;&#xE2A; </subfield>
    <subfield code="x">&#xE04;&#xE27;&#xE32;&#xE21;&#xE2A;&#xE31;&#xE21;&#xE1E;&#xE31;&#xE19;&#xE18;&#xE4C;&#xE01;&#xE31;&#xE1A;&#xE15;&#xE48;&#xE32;&#xE07;&#xE1B;&#xE23;&#xE30;&#xE40;&#xE17;&#xE28;</subfield>
    <subfield code="z">&#xE44;&#xE17;&#xE22;</subfield>
    <subfield code="9">21398</subfield>
  </datafield>
  <datafield tag="700" ind1="1" ind2=" ">
    <subfield code="a">Klein, Jean-Francois.</subfield>
    <subfield code="9">67181</subfield>
  </datafield>
  <datafield tag="700" ind1="1" ind2=" ">
    <subfield code="a">Thuaux, Alexis</subfield>
    <subfield code="9">67200</subfield>
  </datafield>
  <datafield tag="700" ind1="1" ind2=" ">
    <subfield code="a">Trelcat, Sophie </subfield>
    <subfield code="9">67201</subfield>
  </datafield>
  <datafield tag="700" ind1="0" ind2=" ">
    <subfield code="a">&#xE42;&#xE01;&#xE28;&#xE25; &#xE16;&#xE19;&#xE31;&#xE14;&#xE2A;&#xE33;&#xE23;&#xE32;&#xE0D;</subfield>
    <subfield code="9">67202</subfield>
  </datafield>
  <datafield tag="700" ind1="0" ind2=" ">
    <subfield code="a">&#xE01;&#xE31;&#xE19;&#xE15;&#xE1E;&#xE07;&#xE28;&#xE4C; &#xE08;&#xE34;&#xE15;&#xE15;&#xE4C;&#xE01;&#xE25;&#xE49;&#xE32; </subfield>
    <subfield code="9">67203</subfield>
  </datafield>
  <datafield tag="700" ind1="0" ind2=" ">
    <subfield code="a">&#xE23;&#xE31;&#xE0A;&#xE0E;&#xE32;&#xE1E;&#xE23; &#xE24;&#xE17;&#xE18;&#xE34;&#xE08;&#xE31;&#xE19;&#xE17;&#xE23;&#xE4C;</subfield>
    <subfield code="9">53228</subfield>
  </datafield>
  <datafield tag="700" ind1="0" ind2=" ">
    <subfield code="a">&#xE27;&#xE31;&#xE12;&#xE13;&#xE35; &#xE01;&#xE2D;&#xE23;&#xE4C;&#xE40;&#xE15;&#xE49; &#xE14;&#xE39;&#xE21;&#xE07;</subfield>
    <subfield code="9">67204</subfield>
  </datafield>
  <datafield tag="942" ind1=" " ind2=" ">
    <subfield code="2">lcc</subfield>
    <subfield code="c">GB</subfield>
  </datafield>
  <datafield tag="996" ind1=" " ind2=" ">
    <subfield code="a">jidapa.t</subfield>
    <subfield code="b">ACQSTF</subfield>
    <subfield code="c">2025-12-25</subfield>
  </datafield>
  <datafield tag="996" ind1=" " ind2=" ">
    <subfield code="a">varee.k</subfield>
    <subfield code="b">LIBSTF</subfield>
    <subfield code="c">2025-12-26</subfield>
  </datafield>
  <datafield tag="996" ind1=" " ind2=" ">
    <subfield code="a">saiphon.d</subfield>
    <subfield code="b">CATSTF	</subfield>
    <subfield code="c">2026-01-05</subfield>
  </datafield>
  <datafield tag="999" ind1=" " ind2=" ">
    <subfield code="c">107615</subfield>
    <subfield code="d">107615</subfield>
  </datafield>
  <datafield tag="998" ind1=" " ind2=" ">
    <subfield code="j">104</subfield>
    <subfield code="k"> &#xE19;&#xE32;&#xE07;&#xE2A;&#xE32;&#xE27;&#xE2A;&#xE32;&#xE22;&#xE1D;&#xE19;  &#xE14;&#xE35;&#xE07;&#xE32;&#xE21;</subfield>
  </datafield>
  <datafield tag="952" ind1=" " ind2=" ">
    <subfield code="0">0</subfield>
    <subfield code="1">0</subfield>
    <subfield code="2">lcc</subfield>
    <subfield code="4">0</subfield>
    <subfield code="7">0</subfield>
    <subfield code="8">CGBL</subfield>
    <subfield code="a">NALT</subfield>
    <subfield code="b">NALT</subfield>
    <subfield code="c">GEN</subfield>
    <subfield code="d">2025-12-25</subfield>
    <subfield code="l">0</subfield>
    <subfield code="o">DS 575.5.F8 &#xE04;989&#xE17; 2558</subfield>
    <subfield code="p">3961216024</subfield>
    <subfield code="r">2025-12-25 00:00:00</subfield>
    <subfield code="w">2025-12-25</subfield>
    <subfield code="y">GB</subfield>
  </datafield>
</record>
